Stavebno-technologický projekt a bytový dom

Salvato in:
Dettagli Bibliografici
Autore principale: Martonová, Michaela (Autore)
Altri autori: Matúšek, Richard (Relatore della tesi)
Natura: Manoscritto Libro
Lingua:slovacco
Pubblicazione: 2019
Soggetti:
Accesso online:http://is.stuba.sk/zp/portal_zp.pl?podrobnosti=143304
https://opac.crzp.sk/?fn=detailBiblioForm&sid=1D69B1A76ABEB527B96DD1387708
Tags: Aggiungi Tag
Nessun Tag, puoi essere il primo ad aggiungerne!!

MARC

LEADER 00000ntm a22000003a 4500
001 stuzp73895
003 SK-STU
005 20230607111112.8
007 ta
008 150427s2015----xo-----f-mn---000-0-slo-d
040 |a STU  |b slo 
041 0 |a slo 
100 1 |a Martonová, Michaela  |u 010270  |k Z4  |4 aut  |U SvF Stavebná fakulta  |T SvF Katedra technológie stavieb  |X 77160  |U V270  |Y 28  |7 77160 
242 0 1 |a Residential building and specific problem- Selected DGNB building evaluation  |y eng 
245 1 0 |a Stavebno-technologický projekt a bytový dom 
260 |c 2019 
650 4 |a časový harmonogram  |2 slo 
650 4 |a ochrana životného prostredia  |2 slo 
650 4 |a projekt organizácie výstavby  |2 slo 
650 4 |a certifikačný systém DGNB  |2 slo 
650 4 |a bytový dom  |2 slo 
650 4 |a bezpečnosť a ochrana zdravia pri práci  |2 slo 
650 4 |a environmental protection  |2 eng 
650 4 |a time schedule  |2 eng 
650 4 |a residential building  |2 eng 
650 4 |a occupational health and safety  |2 eng 
650 4 |a project organization of the construction  |2 eng 
650 4 |a DGNB certification system  |2 eng 
700 1 |a Matúšek, Richard  |u 010270  |k Z1  |4 ths  |U SvF Stavebná fakulta  |T SvF Katedra technológie stavieb  |X 17812  |U V270  |Y 28  |7 A000017812 
856 4 |u http://is.stuba.sk/zp/portal_zp.pl?podrobnosti=143304 
856 4 |u https://opac.crzp.sk/?fn=detailBiblioForm&sid=1D69B1A76ABEB527B96DD1387708